| 000 | 00979nam a2200241 a 4500 | ||
|---|---|---|---|
| 001 | 000025178 | ||
| 005 | 20200930023617.0 | ||
| 008 | 110210s1966 mx r 001 0 spa d | ||
| 040 |
_aDO-SdBNP _bspa _cBNPHU |
||
| 082 |
_axxxxx _bB875f |
||
| 100 | 1 |
_aBroudy, Harry S. _951657 |
|
| 245 | 1 | 4 |
_aUna filosofía de la educación / _cHarry S. Broudy ; traducción Rafael Castillo Dibildox. |
| 260 |
_aMéxico, D. F. : _bLimusa-Wiley, _c1966. |
||
| 300 |
_a424 p. ; _c21.5 cm. |
||
| 490 | 1 | _aEl nuevo mundo | |
| 500 | _aEn la portada: análisis sistemático y valoración crítica de problemas y métodos en la educación moderna. | ||
| 500 | _aIncluye índice alfabético. | ||
| 504 | _aIncluye referencias bibliográficas y notas al pie de las páginas. | ||
| 534 |
_aTítulo origina: _tBuilding a philosophy of education, _c2a ed. New jersey : Prentice-Hall, 1954-1961 |
||
| 700 | 1 |
_aCastillo Dibildox, Rafael, _etr. _948132 |
|
| 830 | 0 |
_aEl nuevo mundo _951658 |
|
| 049 | _aBNGR | ||
| 999 |
_c24671 _d24671 |
||